00000000nam 2200000zi 4500
0019.922126
003CaOODSP
00520230501151319
006m     o  d f      
007cr |n|||||||||
008230501t19991999onc     o    f|0| 0 fre d
040 |aCaOODSP|bfre|erda|cCaOODSP
043 |an-cn---
0861 |aC2-451/1999F-PDF
1001 |aYu, John W., |eauteur.
24510|aObjectif 2000 : |bun guide pratique pour les PME / |cJohn W. Yu.
264 1|aOttawa : |bIndustrie Canada = Industry Canada, |c1999.
264 4|c©1999
300 |a1 ressource en ligne (40 pages)
336 |atexte|btxt|2rdacontent/fre
337 |ainformatique|bc|2rdamedia/fre
338 |aressource en ligne|bcr|2rdacarrier/fre
500 |aPublié aussi en anglais sous le titre : Ready for year 2000: a practical guide for small and medium-sized businesses.
500 |aÉdition numérisée de l'imprimé [par Innovation, Sciences et Développement économique Canada].
650 6|aPassage à l'an 2000 (Informatique)|zCanada.
650 6|aLogiciels|xEntretien et réparations.
650 6|aPetites et moyennes entreprises|xInformatique.
7101 |aCanada. |bIndustrie Canada, |eorganisme de publication.
77508|tReady for year 2000 : |w(CaOODSP)9.922124
7760#|tObjectif 2000 -- un guide pratique pour les PME [petites et moyennes entreprises] / |w(CaOODSP)9.661222
85640|qPDF|s545 Ko|uhttps://publications.gc.ca/collections/collection_2023/isde-ised/c2/C2-451-1999-fra.pdf